[Event "tm FRA 1st"]
[Site "France"]
[Date "1999.??.??"]
[Round "4"]
[White "Flear, Glenn"]
[Black "Miezis, Normunds"]
[Result "1-0"]
[WhiteElo "2484"]
[BlackElo "2525"]
[Annotator "Montpellier-Gonfreville"]
[PlyCount "93"]
[EventDate "1999.??.??"]

1. d4 Nf6 2. c4 c5 3. d5 e6 4. Nc3 exd5 5. cxd5 Bd6 6. Nf3 Bc7 7. Bg5 d6 8. e3
O-O 9. Nd2 Nbd7 10. Be2 a6 11. a4 Re8 12. O-O h6 13. Bh4 Rb8 14. Qc2 Ba5 15.
Nc4 Bc7 16. a5 Ne5 17. Ne4 g5 18. Nxf6+ Qxf6 19. Bg3 Nxc4 20. Bxc4 h5 21. h3
Bf5 22. Bd3 Bxd3 23. Qxd3 Qxb2 24. Qf5 Qg7 25. Rfb1 Re7 26. Ra3 Qg6 27. Qxg6+
fxg6 28. Rab3 h4 29. Bh2 Re4 30. Kf1 c4 31. Rxb7 Rc8 32. Ke2 Bxa5 33. Bxd6 c3
34. Rb8 Ree8 35. Rxc8 Rxc8 36. Be5 Rc5 37. e4 Rb5 38. Rxb5 axb5 39. Kd3 b4 40.
Kc2 Kf7 41. Bd6 Ke8 42. Bc5 Kd7 43. e5 Kc7 44. e6 Kc8 45. Be7 Kb7 46. d6 Kc6
47. d7 1-0

[Event "tm FRA 1st"]
[Site "France"]
[Date "1999.??.??"]
[Round "4"]
[White "Hauchard, Arnaud"]
[Black "Prie, Eric"]
[Result "1-0"]
[WhiteElo "2524"]
[BlackElo "2467"]
[Annotator "Gonfreville-Montpellier"]
[PlyCount "89"]
[EventDate "1999.??.??"]

1. e4 c5 2. Nf3 g6 3. d4 cxd4 4. Qxd4 Nf6 5. Bb5 Qa5+ 6. Nc3 Nc6 7. Qd3 Bg7 8.
O-O O-O 9. Bf4 d6 10. a3 Bg4 11. Bc4 Nd7 12. Ba2 Qh5 13. Nd2 Nd4 14. f3 Be6 15.
Rfc1 Nc5 16. Qf1 Bxa2 17. Rxa2 Nde6 18. g4 Qh4 19. Bg3 Qg5 20. Nc4 Bxc3 21.
bxc3 Rac8 22. h4 Qh6 23. g5 Nxg5 24. hxg5 Qxg5 25. Kf2 f5 26. exf5 Rxf5 27. Qe1
Rcf8 28. Nd2 Rd5 29. Rd1 Rxd2+ 30. Rxd2 Ne4+ 31. Qxe4 Qxd2+ 32. Qe2 Qxc3 33. a4
e5 34. Kg2 Rf5 35. Qd3 Qc6 36. c4 Rh5 37. Qd5+ Kf8 38. Qxc6 bxc6 39. Rb2 Ke7
40. Rb7+ Ke6 41. Rc7 e4 42. Rxc6 exf3+ 43. Kxf3 Ra5 44. Rxd6+ Ke7 45. Ke4 1-0

[Event "tm FRA 1st"]
[Site "France"]
[Date "1999.??.??"]
[Round "4"]
[White "Touzane, Olivier"]
[Black "Rausis, Igors"]
[Result "1-0"]
[WhiteElo "2378"]
[BlackElo "2508"]
[Annotator "Montpellier-Gonfreville"]
[PlyCount "66"]
[EventDate "1999.??.??"]

1. d4 d5 2. c4 c6 3. Nf3 dxc4 4. e3 Be6 5. a4 Nf6 6. Na3 c5 7. Nxc4 Nc6 8. Nce5
Bd5 9. Nxc6 bxc6 10. Be2 cxd4 11. Qxd4 e6 12. O-O Be7 13. Ne5 Qc7 14. Nc4 Rd8
15. Qc3 O-O 16. f3 Bxc4 17. Qxc4 Rd5 18. Qc2 Rfd8 19. Bc4 R5d7 20. e4 Bc5+ 21.
Kh1 Qe5 22. g3 Qh5 23. Kg2 Bb4 24. Be2 c5 25. Be3 g5 26. Rad1 g4 27. f4 Qh3+
28. Kg1 Nh5 29. Rxd7 Rxd7 30. Rd1 Rxd1+ 31. Qxd1 Nf6 32. Qd8+ Kg7 33. e5 Nd5
1-0

[Event "tm FRA 1st"]
[Site "France"]
[Date "1999.??.??"]
[Round "4"]
[White "Eliet, Nicolas"]
[Black "Fressinet, Laurent"]
[Result "0-1"]
[WhiteElo "2408"]
[BlackElo "2424"]
[Annotator "Gonfreville-Montpellier"]
[PlyCount "66"]
[EventDate "1999.??.??"]

1. e4 c5 2. Nc3 e6 3. Nge2 Nc6 4. g3 d5 5. exd5 exd5 6. Bg2 d4 7. Nd5 Nf6 8.
Nef4 Nxd5 9. Nxd5 Bd6 10. d3 O-O 11. O-O Re8 12. Bf4 Be6 13. Bxd6 Qxd6 14. Nf4
Bd7 15. a3 Ne5 16. Qd2 Bc6 17. f3 Re7 18. b4 b6 19. Rf2 Rae8 20. Raf1 c4 21.
dxc4 Nxc4 22. Qd3 b5 23. Re2 Re3 24. Rxe3 Rxe3 25. Qf5 g6 26. Qc8+ Re8 27. Qa6
Qc7 28. a4 Nd2 29. Rd1 Nxf3+ 30. Bxf3 Bxf3 31. Rf1 Bb7 32. Qxb5 Re5 33. Qd3 Qc6
0-1

[Event "tm FRA 1st"]
[Site "France"]
[Date "1999.??.??"]
[Round "4"]
[White "Sarthou, Gaetan"]
[Black "Gouret, Thierry"]
[Result "0-1"]
[WhiteElo "2326"]
[BlackElo "2296"]
[Annotator "Montpellier-Gonfreville"]
[PlyCount "76"]
[EventDate "1999.??.??"]

1. e4 d5 2. exd5 Nf6 3. d4 Bg4 4. Be2 Bxe2 5. Qxe2 Qxd5 6. Nf3 e6 7. O-O Nc6 8.
Nc3 Qh5 9. Bf4 O-O-O 10. Rfd1 Bd6 11. Bxd6 Rxd6 12. Ne5 Qxe2 13. Nxe2 Nxe5 14.
dxe5 Rxd1+ 15. Rxd1 Ng4 16. f4 Ne3 17. Rd2 Nc4 18. Rd4 Nxb2 19. Rb4 Nd1 20. Rb3
Rd8 21. Kf1 b5 22. a3 c6 23. Ke1 a5 24. Ng3 a4 25. Rf3 Nb2 26. Ne4 Nc4 27. Rd3
Kc7 28. g4 h6 29. h4 Rd5 30. Ke2 Kb6 31. h5 Rxd3 32. cxd3 Nxa3 33. Nf6 b4 34.
Kd2 Nb5 35. Ne8 b3 36. Nxg7 a3 37. g5 a2 38. gxh6 a1=Q 0-1

[Event "tm FRA 1st"]
[Site "France"]
[Date "1999.??.??"]
[Round "4"]
[White "Desbonnes, Samy"]
[Black "Laclau, Daniel"]
[Result "0-1"]
[WhiteElo "2235"]
[BlackElo "2292"]
[Annotator "Gonfreville-Montpellier"]
[PlyCount "60"]
[EventDate "1999.??.??"]

1. e4 c5 2. Nf3 e6 3. c3 Nf6 4. d3 d5 5. Nbd2 Nc6 6. Be2 Bd6 7. O-O O-O 8. Re1
Qc7 9. Bf1 b6 10. g3 Bb7 11. Qe2 Nd7 12. Bg2 Rad8 13. Nh4 d4 14. Nb3 a5 15. a4
dxc3 16. bxc3 c4 17. dxc4 Nce5 18. Nd4 Qxc4 19. Qd2 Qc8 20. Nb5 Be7 21. Nd6
Bxd6 22. Qxd6 Nc4 23. Qf4 Nde5 24. Rf1 Rd3 25. Ba3 Rfd8 26. Be7 R8d7 27. Ba3
Rxc3 28. Rfc1 Nxa3 29. Rd1 Nac4 30. Bf1 h6 0-1

[Event "tm FRA 1st"]
[Site "France"]
[Date "1999.??.??"]
[Round "4"]
[White "Planchon, Corinne"]
[Black "Gervais, Claire"]
[Result "0-1"]
[WhiteElo "1760"]
[BlackElo "2201"]
[Annotator "Montpellier-Gonfreville"]
[PlyCount "104"]
[EventDate "1999.??.??"]

1. e4 e6 2. d4 d5 3. exd5 exd5 4. Bd3 Nc6 5. Nf3 Bg4 6. c3 Qf6 7. Nbd2 O-O-O 8.
O-O Bd6 9. b4 Kb8 10. b5 Nce7 11. Qb3 Ng6 12. Re1 Nf4 13. Bf1 Nh3+ 14. gxh3
Bxf3 15. Nxf3 Qxf3 16. Bg2 Qf6 17. a4 Ne7 18. Ba3 Bxa3 19. Qxa3 Ng6 20. Re3 Nf4
21. Qe7 Qg6 22. Rg3 Rde8 23. Rxg6 Rxe7 24. Rxg7 Ne2+ 25. Kf1 Nxc3 26. Re1 Rxe1+
27. Kxe1 Rf8 28. Kd2 Nxa4 29. Bxd5 Nb6 30. Bxf7 Nc8 31. Bc4 Nd6 32. Bd3 Rxf2+
33. Ke3 Rf8 34. Rxh7 Kc8 35. h4 Nf5+ 36. Bxf5+ Rxf5 37. h5 Rxb5 38. h6 Rh5 39.
Kf4 Rxh2 40. Kg5 b5 41. Rg7 b4 42. h7 Kb7 43. Kg6 b3 44. Rf7 a5 45. Kg7 a4 46.
Rf5 Rxh7+ 47. Kxh7 Kb6 48. Rf6+ Kb5 49. Rf5+ Kb4 50. Rc5 b2 51. Rxc7 b1=Q+ 52.
Kg8 Qg1+ 0-1

[Event "tm FRA 1st"]
[Site "France"]
[Date "1999.??.??"]
[Round "4"]
[White "Magem Badals, Jordi"]
[Black "Hodgson, Julian"]
[Result "1/2-1/2"]
[WhiteElo "2557"]
[BlackElo "2565"]
[Annotator "Orange-Le Mans"]
[PlyCount "35"]
[EventDate "1999.??.??"]

1. e4 e6 2. d4 d5 3. Nc3 dxe4 4. Nxe4 Be7 5. Nf3 Nf6 6. Bd3 Nbd7 7. O-O Nxe4 8.
Bxe4 c5 9. c3 O-O 10. Bc2 cxd4 11. Qxd4 Nc5 12. Qg4 e5 13. Qh5 e4 14. Rd1 Qc7
15. b4 Nd3 16. Bxd3 exd3 17. Rxd3 a5 18. b5 1/2-1/2

[Event "tm FRA 1st"]
[Site "France"]
[Date "1999.??.??"]
[Round "4"]
[White "Sulypa, Alexandre"]
[Black "De la Riva Aguado, Oscar"]
[Result "1/2-1/2"]
[WhiteElo "2424"]
[BlackElo "2496"]
[Annotator "Le Mans-Orange"]
[PlyCount "47"]
[EventDate "1999.??.??"]

1. d4 f5 2. Nc3 Nf6 3. Bg5 d5 4. Bxf6 exf6 5. e3 Be6 6. Bd3 Qd7 7. h3 h5 8. h4
Nc6 9. Nh3 O-O-O 10. Nf4 Bf7 11. Be2 g6 12. Qd2 Kb8 13. g3 Ne7 14. Bf3 c6 15.
Nd3 Nc8 16. Bg2 Nd6 17. Nc5 Qc8 18. b3 b6 19. Nd3 Ne4 20. Nxe4 fxe4 21. Nf4 Bd6
22. Bh3 Qc7 23. Ne2 Qe7 24. c3 1/2-1/2

[Event "tm FRA 1st"]
[Site "France"]
[Date "1999.??.??"]
[Round "4"]
[White "Lepelletier, Benoit"]
[Black "Kozakov, Mikhail"]
[Result "1-0"]
[WhiteElo "2456"]
[BlackElo "2420"]
[Annotator "Orange-Le Mans"]
[PlyCount "82"]
[EventDate "1999.??.??"]

1. e4 e5 2. Nf3 Nc6 3. Nc3 Nf6 4. g3 Bc5 5. Bg2 d6 6. O-O h5 7. Na4 Bg4 8. h3
Bxf3 9. Qxf3 Nd4 10. Qd1 h4 11. b4 Bb6 12. Nxb6 axb6 13. c3 Ne6 14. d4 Qd7 15.
d5 Nf8 16. Qf3 Ng6 17. c4 Ke7 18. Bg5 Kf8 19. Rfb1 Nh7 20. Be3 Ke7 21. c5 Ra3
22. cxb6 Rha8 23. bxc7 Qxc7 24. Rc1 Qd7 25. b5 hxg3 26. fxg3 Kf8 27. Qe2 Nf6
28. Bf2 Kg8 29. Rc2 R8a5 30. b6 Ne8 31. h4 Ra8 32. Kh2 Nf8 33. Bh3 Qe7 34. Rc8
Nd7 35. Rxa8 Rxa8 36. a4 Qd8 37. a5 Nef6 38. g4 g6 39. g5 Nh5 40. Qb5 Nxb6 41.
Rc1 Ra6 1-0

[Event "tm FRA 1st"]
[Site "France"]
[Date "1999.??.??"]
[Round "4"]
[White "Karr, Jean-Philippe"]
[Black "Ochoa de Echeguen, Javier"]
[Result "1/2-1/2"]
[WhiteElo "2347"]
[BlackElo "2435"]
[Annotator "Le Mans-Orange"]
[PlyCount "39"]
[EventDate "1999.??.??"]

1. d4 f5 2. Nc3 Nf6 3. Bg5 d5 4. Bxf6 exf6 5. e3 Be6 6. Qf3 Qd7 7. Bb5 Nc6 8.
Nge2 a6 9. Ba4 b5 10. Bb3 Bb4 11. a3 Ba5 12. a4 Ne7 13. axb5 axb5 14. O-O O-O
15. Ra2 Bxc3 16. Nxc3 Rxa2 17. Nxa2 c6 18. Nb4 Ra8 19. Qg3 Nc8 20. c3 1/2-1/2

[Event "tm FRA 1st"]
[Site "France"]
[Date "1999.??.??"]
[Round "4"]
[White "Santo-Roman, Marc"]
[Black "Marcelin, Cyril"]
[Result "1-0"]
[WhiteElo "2381"]
[BlackElo "2383"]
[Annotator "Orange-Le Mans"]
[PlyCount "97"]
[EventDate "1999.??.??"]

1. e4 e5 2. Nf3 d6 3. d4 exd4 4. Nxd4 Nf6 5. Nc3 Be7 6. Be2 O-O 7. O-O Re8 8.
f4 Bf8 9. Bf3 c5 10. Nb3 Nc6 11. Re1 a5 12. a4 Nb4 13. Be3 Bd7 14. Bf2 Bc6 15.
Qd2 Qb6 16. Rad1 Rad8 17. Qc1 d5 18. e5 d4 19. Bxc6 Nxc6 20. exf6 Rxe1+ 21.
Rxe1 dxc3 22. bxc3 gxf6 23. Qe3 Qc7 24. Nxc5 Bxc5 25. Qg3+ Kh8 26. Bxc5 Rg8 27.
Qh4 Qd8 28. Kh1 f5 29. Be7 Nxe7 30. Qxe7 Qxe7 31. Rxe7 Rc8 32. Rxf7 Rxc3 33.
Rxf5 Ra3 34. g3 Rxa4 35. Rb5 Rc4 36. Rxb7 Rxc2 37. Ra7 Ra2 38. f5 Kg8 39. g4
Kh8 40. g5 Kg8 41. h4 Kh8 42. f6 Kg8 43. h5 Ra4 44. Rg7+ Kh8 45. Kh2 Rb4 46. g6
hxg6 47. hxg6 Rh4+ 48. Kg3 Rh6 49. Kg4 1-0

[Event "tm FRA 1st"]
[Site "France"]
[Date "1999.??.??"]
[Round "4"]
[White "Berthelot, Yannick"]
[Black "Brochet, Philippe"]
[Result "0-1"]
[WhiteElo "2327"]
[BlackElo "2351"]
[Annotator "Le Mans-Orange"]
[PlyCount "98"]
[EventDate "1999.??.??"]

1. e4 c5 2. Nf3 Nc6 3. d4 cxd4 4. Nxd4 d5 5. exd5 Qxd5 6. Be3 e6 7. Be2 Nxd4 8.
Qxd4 Qxd4 9. Bxd4 Ne7 10. Bf3 Nf5 11. Bc3 Nh4 12. Be4 f5 13. g3 Ng6 14. Bg2 Rb8
15. h4 h5 16. O-O b6 17. Re1 Bc5 18. Nd2 O-O 19. Bf3 f4 20. Kg2 fxg3 21. fxg3
Rf5 22. Nb3 Kf7 23. Nxc5 bxc5 24. Rad1 Nf8 25. Re5 g6 26. Rxf5+ exf5 27. Rd6
Rb6 28. Rd8 Bb7 29. Bxb7 Rxb7 30. Rc8 Ne6 31. b3 Rc7 32. Rxc7+ Nxc7 33. Be5 Nd5
34. c4 Nb4 35. Bd6 Nd3 36. Kf3 Ke6 37. Bf4 Kf7 38. Bd6 Ke6 39. Bb8 a6 40. Ba7
Kd6 41. a3 a5 42. Bb6 a4 43. bxa4 Ne5+ 44. Kf4 Nxc4 45. Ba7 Nxa3 46. Kg5 c4 47.
Kxg6 c3 48. a5 Nc4 49. a6 Kc7 0-1

[Event "tm FRA 1st"]
[Site "France"]
[Date "1999.??.??"]
[Round "4"]
[White "Blot, Jerome"]
[Black "Guidarelli, Laurent"]
[Result "0-1"]
[WhiteElo "2253"]
[BlackElo "2272"]
[Annotator "Le Mans-Orange"]
[PlyCount "92"]
[EventDate "1999.??.??"]

1. d4 Nf6 2. c4 c5 3. d5 b5 4. Qc2 bxc4 5. e4 e6 6. Bxc4 Bb7 7. Nc3 exd5 8.
exd5 d6 9. Nge2 g6 10. O-O Bg7 11. Bg5 h6 12. Bh4 O-O 13. Rad1 Nbd7 14. b3 a6
15. h3 Qc7 16. Bg3 Rfe8 17. f4 Re7 18. Bf2 Rae8 19. Ng3 Qb8 20. Qd3 Nb6 21. Qf3
Nfd7 22. Nge2 f5 23. g4 Rf7 24. Rd3 Ref8 25. Qg2 fxg4 26. hxg4 Qd8 27. Rh3 Nxc4
28. bxc4 Bc8 29. Ne4 Nf6 30. Nxf6+ Qxf6 31. Rb3 Re7 32. Qf3 g5 33. f5 h5 34.
gxh5 Bxf5 35. Ng3 Bh3 36. Qxf6 Rxf6 37. Re1 Rxe1+ 38. Bxe1 Rf4 39. Ne2 Rf1+ 40.
Kh2 Rxe1 41. Kxh3 Rxe2 42. Kg4 Rg2+ 43. Kf5 Kh7 44. Rb6 Be5 45. Rxa6 g4 46. Kg5
g3 0-1

[Event "tm FRA 1st"]
[Site "France"]
[Date "1999.??.??"]
[Round "4"]
[White "Guadalpi, Celine"]
[Black "Dacalor, Aurelie"]
[Result "0-1"]
[WhiteElo "1980"]
[BlackElo "2105"]
[Annotator "Orange-Le Mans"]
[PlyCount "94"]
[EventDate "1999.??.??"]

1. e4 Nf6 2. e5 Nd5 3. d4 d6 4. Nf3 Bg4 5. Be2 e6 6. c4 Nb6 7. exd6 cxd6 8. O-O
N8d7 9. Nbd2 g6 10. h3 Bxf3 11. Bxf3 Qc7 12. b3 Bg7 13. Bb2 O-O 14. Rc1 Rae8
15. Rc2 Nc8 16. Re1 e5 17. dxe5 dxe5 18. Ne4 Nf6 19. Rd2 Nxe4 20. Bxe4 Rd8 21.
Qe2 Rxd2 22. Qxd2 Rd8 23. Qe2 Ne7 24. Rd1 Rxd1+ 25. Qxd1 Nc6 26. Qd5 Qe7 27. a3
Kf8 28. c5 f5 29. Bd3 Qd8 30. Qxd8+ Nxd8 31. b4 Ne6 32. Kf1 Ke7 33. Bc4 Nf4 34.
h4 Ne6 35. g3 h6 36. Ke2 g5 37. hxg5 hxg5 38. Bxe6 Kxe6 39. f4 Bf6 40. fxe5
Bxe5 41. Bxe5 Kxe5 42. Ke3 Kd5 43. Kd3 a5 44. bxa5 Kxc5 45. a6 bxa6 46. Kc3 a5
47. a4 f4 0-1

[Event "tm FRA 1st"]
[Site "France"]
[Date "1999.??.??"]
[Round "4"]
[White "Relange, Eloi"]
[Black "Hinks-Edwards, Thomas"]
[Result "1-0"]
[WhiteElo "2478"]
[BlackElo "2318"]
[Annotator "Clichy-Avignon"]
[PlyCount "99"]
[EventDate "1999.??.??"]

1. d4 g6 2. Nf3 Bg7 3. c4 d6 4. Nc3 Bg4 5. e4 Bxf3 6. gxf3 Nc6 7. Be3 e5 8. d5
Nd4 9. Nb5 c5 10. dxc6 bxc6 11. Nxd4 exd4 12. Bxd4 Qa5+ 13. Ke2 Nf6 14. Bc3 Qc7
15. Qd2 O-O 16. Rc1 a5 17. Bg2 Nh5 18. Bxg7 Kxg7 19. f4 Qe7 20. Bf3 Qh4 21.
Bxh5 Qxh5+ 22. Kd3 d5 23. Kc2 dxe4 24. Qd4+ Kg8 25. Kb1 Qf5 26. Qe3 a4 27. a3
Rab8 28. Rhe1 Rfd8 29. Ka1 Rd3 30. Qxe4 Qxe4 31. Rxe4 Rd2 32. Rb1 Rxf2 33. h4
h5 34. c5 Rb5 35. Rxa4 Rxc5 36. Re4 Kf8 37. a4 Rh2 38. Rd1 Rxh4 39. Rd7 g5 40.
Rdd4 g4 41. Re3 Rh1+ 42. Ka2 h4 43. f5 Rg1 44. f6 Kg8 45. Rd7 h3 46. Ree7 Kh7
47. Rxf7+ Kg6 48. Rf8 h2 49. f7 h1=Q 50. Rg8+ 1-0

[Event "tm FRA 1st"]
[Site "France"]
[Date "1999.??.??"]
[Round "4"]
[White "Duquesnoy, Jean-Philippe"]
[Black "Conquest, Stuart"]
[Result "0-1"]
[WhiteElo "2166"]
[BlackElo "2488"]
[Annotator "Avignon-Clichy"]
[PlyCount "128"]
[EventDate "1999.??.??"]

1. d4 Nf6 2. c4 e6 3. g3 Bb4+ 4. Bd2 Be7 5. Bg2 d5 6. Bc3 O-O 7. Nf3 b6 8. Nbd2
Bb7 9. O-O dxc4 10. Nxc4 Nbd7 11. Rc1 Qb8 12. Bd2 Rd8 13. h3 a5 14. Bf4 Nd5 15.
Bg5 N7f6 16. Nce5 c5 17. Qa4 cxd4 18. Qxd4 h6 19. Bf4 Nxf4 20. Qxf4 Bd6 21.
Rfd1 a4 22. Qd4 Bd5 23. Nc4 Bc5 24. Qh4 b5 25. Nce5 Qb6 26. Nd3 Be7 27. Nfe5
Bxg2 28. Kxg2 Rac8 29. Qf4 Bd6 30. Qf3 Bf8 31. Kh2 Rc7 32. Rxc7 Qxc7 33. Rc1
Qb6 34. Qc6 Qxc6 35. Rxc6 Nd5 36. a3 f6 37. Nf3 e5 38. Nh4 e4 39. Nc5 Bxc5 40.
Rxc5 b4 41. Nf5 Kf7 42. axb4 g6 43. Nxh6+ Ke6 44. b5 f5 45. Rc6+ Rd6 46. Nf7
Rxc6 47. Nd8+ Kd6 48. bxc6 Kc7 49. Nf7 Nc3 50. Ne5 Nd1 51. Nxg6 Nxb2 52. Ne7 a3
53. Nd5+ Kxc6 54. Nc3 Nd1 55. Na2 Nxf2 56. Kg2 Nd1 57. g4 fxg4 58. hxg4 Kd5 59.
Kg3 Ne3 60. Kf4 Nxg4 61. Nb4+ Kc4 62. Nc2 a2 63. Kxe4 Kc3 64. Na1 Nf6+ 0-1

[Event "tm FRA 1st"]
[Site "France"]
[Date "1999.??.??"]
[Round "4"]
[White "Vial, Patrick"]
[Black "Apicella, Manuel"]
[Result "0-1"]
[WhiteElo "2190"]
[BlackElo "2515"]
[Annotator "Avignon-Clichy"]
[PlyCount "70"]
[EventDate "1999.??.??"]

1. e4 c5 2. Nc3 Nc6 3. g3 g6 4. Bg2 Bg7 5. d3 e6 6. Be3 d6 7. Qd2 h6 8. Nf3
Nge7 9. O-O Nd4 10. Bxd4 cxd4 11. Nb5 Nc6 12. c3 dxc3 13. bxc3 O-O 14. d4 a6
15. Na3 d5 16. e5 Qa5 17. Nc2 Bd7 18. Ne3 Kh7 19. Rab1 b5 20. Bh3 Qd8 21. Nh4
Na5 22. f4 Rc8 23. Nf3 Nc4 24. Nxc4 Rxc4 25. Ne1 Qa5 26. Rf3 Rfc8 27. Rb3 Bf8
28. Bf1 Rxd4 29. Rd3 Rxd3 30. Bxd3 d4 31. Nf3 dxc3 32. Bxg6+ Kxg6 33. Qxd7 Qb6+
34. Kg2 Rd8 35. f5+ Kg7 0-1

[Event "tm FRA 1st"]
[Site "France"]
[Date "1999.??.??"]
[Round "4"]
[White "Degraeve, Jean-Marc"]
[Black "Salus, Stephane"]
[Result "1-0"]
[WhiteElo "2536"]
[BlackElo "2237"]
[Annotator "Clichy-Avignon"]
[PlyCount "51"]
[EventDate "1999.??.??"]

1. e4 e6 2. d4 d5 3. e5 b6 4. Nf3 Ne7 5. c3 Qd7 6. Nbd2 a5 7. Bd3 Ba6 8. Nf1
Bxd3 9. Qxd3 Nbc6 10. Ng3 h5 11. h4 O-O-O 12. O-O Kb7 13. Bg5 Rc8 14. Nd2 Nf5
15. Nxf5 exf5 16. a4 Be7 17. Bxe7 Nxe7 18. b4 Ra8 19. Nb3 axb4 20. a5 Qc6 21.
cxb4 Qc4 22. Qf3 Qxb4 23. Rfb1 Kc6 24. a6 Ra7 25. Qd3 Kd7 26. Nd2 1-0

[Event "tm FRA 1st"]
[Site "France"]
[Date "1999.??.??"]
[Round "4"]
[White "Blachier, Pierre"]
[Black "Hebden, Mark"]
[Result "0-1"]
[WhiteElo "2135"]
[BlackElo "2556"]
[Annotator "Avignon-Clichy"]
[PlyCount "57"]
[EventDate "1999.??.??"]

1. e4 e5 2. Nf3 Nc6 3. Bb5 a6 4. Bxc6 dxc6 5. O-O Bd6 6. d4 exd4 7. Qxd4 f6 8.
c4 c5 9. Qd5 Ne7 10. Qh5+ g6 11. Qh6 Bg4 12. Nbd2 Qd7 13. b3 O-O-O 14. Bb2 Rhf8
15. h3 Be6 16. Qe3 Nc6 17. a3 g5 18. Rfd1 g4 19. hxg4 Bxg4 20. Nf1 Nd4 21. Bxd4
cxd4 22. Qd3 Rg8 23. b4 c5 24. bxc5 Bxc5 25. Ng3 Qg7 26. Rd2 h5 27. Ne1 Rde8
28. f3 Bd7 29. Kf1 0-1

[Event "tm FRA 1st"]
[Site "France"]
[Date "1999.??.??"]
[Round "4"]
[White "Lamoureux, Charles"]
[Black "Bissieres, Mathieu"]
[Result "1/2-1/2"]
[WhiteElo "2377"]
[BlackElo "2230"]
[Annotator "Clichy-Avignon"]
[PlyCount "61"]
[EventDate "1999.??.??"]

1. e4 e6 2. d4 d5 3. Nc3 Bb4 4. e5 c5 5. a3 Bxc3+ 6. bxc3 Ne7 7. a4 b6 8. Bb5+
Bd7 9. Be2 Qc7 10. Nf3 O-O 11. O-O Nbc6 12. Re1 f6 13. Bf1 Ng6 14. Bd3 Rac8 15.
Bd2 Nce7 16. h4 fxe5 17. dxe5 c4 18. Bf1 Nc6 19. Qe2 a6 20. g3 b5 21. axb5 axb5
22. Bh3 Rce8 23. h5 Rxf3 24. hxg6 Rff8 25. gxh7+ Kh8 26. Qe3 b4 27. Qc5 Qb8 28.
cxb4 Nxe5 29. Bc3 Nf3+ 30. Kh1 Nxe1 31. Rxe1 1/2-1/2

[Event "tm FRA 1st"]
[Site "France"]
[Date "1999.??.??"]
[Round "4"]
[White "Piquemal, Christiane"]
[Black "Leconte, Maria"]
[Result "1/2-1/2"]
[WhiteElo "2050"]
[BlackElo "2315"]
[Annotator "Avignon-Clichy"]
[PlyCount "49"]
[EventDate "1999.??.??"]

1. d4 d6 2. c4 Nf6 3. Nc3 Nbd7 4. e4 e5 5. Be3 c6 6. f3 Be7 7. Bd3 Nf8 8. Nge2
Ng6 9. Qd2 a6 10. a4 Qc7 11. a5 O-O 12. O-O exd4 13. Bxd4 c5 14. Be3 Bd7 15.
Nf4 Bc6 16. Nxg6 hxg6 17. Rfd1 Rab8 18. Ra2 Nd7 19. Be2 Rbd8 20. Bf4 Ne5 21.
Bxe5 dxe5 22. Nd5 Qd7 23. Qc3 Qe6 24. b3 Bg5 25. Raa1 1/2-1/2

[Event "tm FRA 1st"]
[Site "France"]
[Date "1999.??.??"]
[Round "5"]
[White "Godena, Michele"]
[Black "Turner, Matthew"]
[Result "1/2-1/2"]
[WhiteElo "2552"]
[BlackElo "2463"]
[Annotator "Cannes-Nancy"]
[PlyCount "36"]
[EventDate "1999.??.??"]

1. e4 e5 2. Nf3 Nc6 3. Bb5 a6 4. Bxc6 dxc6 5. O-O Ne7 6. Nxe5 Qd4 7. Qh5 g6 8.
Nf3 Qxe4 9. Qa5 Bg4 10. d3 Qf5 11. Qxc7 Bxf3 12. gxf3 Qxf3 13. Nd2 Qg4+ 14. Qg3
Qxg3+ 15. fxg3 Nd5 16. Re1+ Kd7 17. Nc4 Bg7 18. Bd2 Rhe8 1/2-1/2

[Event "tm FRA 1st"]
[Site "France"]
[Date "1999.??.??"]
[Round "5"]
[White "Arkell, Keith"]
[Black "Chabanon, Jean-Luc"]
[Result "1/2-1/2"]
[WhiteElo "2438"]
[BlackElo "2468"]
[Annotator "Nancy-Cannes"]
[PlyCount "87"]
[EventDate "1999.??.??"]

1. d4 Nf6 2. Nf3 e6 3. c4 Bb4+ 4. Bd2 Qe7 5. g3 Nc6 6. Nc3 O-O 7. Bg2 Na5 8. b3
b6 9. O-O Bb7 10. Qc2 Rac8 11. Rfe1 c5 12. a3 Bxc3 13. Bxc3 Be4 14. Qb2 cxd4
15. Nxd4 Bxg2 16. Bb4 d6 17. Kxg2 Nb7 18. a4 Ne4 19. Qc2 f5 20. f3 Ng5 21. e4
f4 22. h4 Nf7 23. gxf4 Nfd8 24. f5 Nc6 25. Nxc6 Rxc6 26. fxe6 Qxe6 27. Qd2 Kh8
28. Rh1 Nc5 29. Bxc5 dxc5 30. Rad1 Qg6+ 31. Qg5 Qf7 32. Qe3 Rg6+ 33. Kf2 Rf6
34. Rh3 h6 35. Rd5 Rf4 36. Kg2 Qe6 37. Qe2 R8f6 38. h5 g5 39. hxg6 Rxg6+ 40.
Kh2 Qf6 41. Qd2 Rxf3 42. Rd8+ Kh7 43. Rd7+ Kh8 44. Rd8+ 1/2-1/2

[Event "tm FRA 1st"]
[Site "France"]
[Date "1999.??.??"]
[Round "5"]
[White "Anic, Darko"]
[Black "Bauer, Christian"]
[Result "1/2-1/2"]
[WhiteElo "2464"]
[BlackElo "2528"]
[Annotator "Cannes-Nancy"]
[PlyCount "122"]
[EventDate "1999.??.??"]

1. c4 e5 2. Nc3 Nf6 3. g3 Bb4 4. Bg2 O-O 5. Nf3 Bxc3 6. dxc3 d6 7. O-O Nc6 8.
Ne1 Be6 9. b3 Qd7 10. e4 a6 11. Nc2 Bh3 12. Qe2 Bxg2 13. Kxg2 Rab8 14. Ba3 b5
15. Rad1 Qe6 16. cxb5 axb5 17. f3 Ne7 18. c4 bxc4 19. Qxc4 Qxc4 20. bxc4 Rfd8
21. Rb1 Kf8 22. Rb3 Nc6 23. Rfb1 Ra8 24. R1b2 Na5 25. Rc3 c5 26. Rb6 Ke7 27.
Ne3 Kd7 28. Bc1 Kc7 29. Rb2 Nc6 30. Rcb3 Ra7 31. Nf5 Ne8 32. Ne3 Ne7 33. a3
Rda8 34. Rb1 Nf6 35. Nd5+ Nfxd5 36. cxd5 Nc8 37. h4 Kd8 38. g4 Ra4 39. h5 h6
40. g5 hxg5 41. Bxg5+ f6 42. Bc1 R8a7 43. Rb7 Rxb7 44. Rxb7 Ra7 45. Rb5 Kc7 46.
Bd2 Ne7 47. Ba5+ Kc8 48. Kg3 f5 49. Kh4 fxe4 50. fxe4 Ng8 51. Kg5 Nf6 52. h6
Nh7+ 53. Kf5 gxh6 54. Ke6 Ra6 55. Bb6 Nf8+ 56. Ke7 Nd7 57. Ba5 h5 58. Be1 Kc7
59. Ba5+ Kc8 60. Be1 Kc7 61. Ba5+ Kc8 1/2-1/2

[Event "tm FRA 1st"]
[Site "France"]
[Date "1999.??.??"]
[Round "5"]
[White "Spielmann, Alain"]
[Black "Peric, Slavisa"]
[Result "1/2-1/2"]
[WhiteElo "2252"]
[BlackElo "2300"]
[Annotator "Nancy-Cannes"]
[PlyCount "116"]
[EventDate "1999.??.??"]

1. d4 d5 2. Nf3 c5 3. e3 Nf6 4. c4 dxc4 5. Bxc4 e6 6. O-O a6 7. a4 Nc6 8. Qe2
Qc7 9. Nc3 Be7 10. Rd1 O-O 11. h3 Re8 12. dxc5 Bxc5 13. e4 Ne5 14. Nxe5 Qxe5
15. Be3 b6 16. Bxc5 Qxc5 17. e5 Nd7 18. Ne4 Qxe5 19. Nd6 Qxe2 20. Bxe2 Rd8 21.
Nxc8 Raxc8 22. Bxa6 Ra8 23. Bb5 Nf6 24. Rac1 Rxd1+ 25. Rxd1 Kf8 26. Rd6 Rb8 27.
Kf1 Nd5 28. Bc6 Nb4 29. Bf3 Ke7 30. Rd4 Na6 31. b4 Rc8 32. Bb7 Rc1+ 33. Ke2 Nb8
34. Kd3 Ra1 35. Kc4 Rxa4 36. Kb5 Ra2 37. Kxb6 Nd7+ 38. Kc7 Rc2+ 39. Bc6 Ne5 40.
b5 Nxc6 41. bxc6 Rxf2 42. Kc8 f5 43. c7 Rxg2 44. Rd7+ Kf6 45. Kd8 Rc2 46. c8=Q
Rxc8+ 47. Kxc8 h5 48. Kc7 g5 49. Kd6 g4 50. hxg4 fxg4 51. Re7 h4 52. Rh7 h3 53.
Rh5 Kg6 54. Rh8 Kf5 55. Rh5+ Kf6 56. Rh6+ Kg5 57. Rh8 Kf5 58. Rh5+ Kf6 1/2-1/2

[Event "tm FRA 1st"]
[Site "France"]
[Date "1999.??.??"]
[Round "5"]
[White "Rainfray, Arnaud"]
[Black "Adrian, Claude"]
[Result "1-0"]
[WhiteElo "2322"]
[BlackElo "2294"]
[Annotator "Cannes-Nancy"]
[PlyCount "51"]
[EventDate "1999.??.??"]

1. e4 c5 2. Nf3 Nc6 3. Bb5 g6 4. Bxc6 dxc6 5. h3 Bg7 6. d3 e5 7. O-O Qe7 8. a3
Nf6 9. b4 Nd7 10. bxc5 Nxc5 11. a4 O-O 12. Ba3 Rd8 13. a5 Bf8 14. Qe1 f6 15.
Qe3 Be6 16. Nc3 b5 17. a6 Bf7 18. Bb4 Rd7 19. Ne2 Re8 20. Ra3 f5 21. Rc3 f4 22.
Qc1 Nxe4 23. Bxe7 Nxc3 24. Nxc3 Rdxe7 25. Ne4 Kg7 26. Qa1 1-0